[Event "Tournoi International du Pays de Charleroi 2018"]
[Site "Roux, Belgium"]
[Date "2018.07.31"]
[Round "5.27"]
[White "Timmermans, Daniel"]
[Black "Mitran Anthony, Cristian"]
[Result "0-1"]
[WhiteElo "1908"]
[BlackElo "2096"]

1. d4 {[%clk 01:27:16]} {[%emt 00:03:43]} Nf6 {[%clk 01:30:28]} {[%emt
00:00:33]} 2. Nf3 {[%clk 01:24:30]} {[%emt 00:03:14]} e6 {[%clk 01:30:43]}
{[%emt 00:00:16]} 3. Bg5 {[%clk 01:24:08]} {[%emt 00:00:52]} Be7 {[%clk
01:31:01]} {[%emt 00:00:13]} 4. c4 {[%clk 01:24:08]} {[%emt 00:00:29]} b6
{[%clk 01:31:19]} {[%emt 00:00:12]} 5. Nc3 {[%clk 01:12:05]} {[%emt 00:12:33]}
Bb7 {[%clk 01:31:41]} {[%emt 00:00:09]} 6. Qc2 {[%clk 01:10:55]} {[%emt
00:01:40]} d5 {[%clk 01:31:05]} {[%emt 00:01:05]} 7. e3 {[%clk 01:09:31]}
{[%emt 00:01:54]} O-O {[%clk 01:31:26]} {[%emt 00:00:09]} 8. Bd3 {[%clk
01:03:11]} {[%emt 00:06:51]} Nbd7 {[%clk 01:30:46]} {[%emt 00:01:10]} 9. cxd5
{[%clk 01:01:44]} {[%emt 00:01:56]} exd5 {[%clk 01:31:04]} {[%emt 00:00:13]} 10.
Bf4 {[%clk 00:54:05]} {[%emt 00:08:08]} c5 {[%clk 01:24:13]} {[%emt 00:07:21]}
11. O-O {[%clk 00:51:42]} {[%emt 00:02:53]} Rc8 {[%clk 01:20:13]} {[%emt
00:04:30]} 12. Nd2 {[%clk 00:48:07]} {[%emt 00:04:04]} h6 {[%clk 01:17:44]}
{[%emt 00:02:59]} 13. Rad1 {[%clk 00:44:50]} {[%emt 00:03:48]} Nh5 {[%clk
01:16:55]} {[%emt 00:01:19]} 14. Bg3 {[%clk 00:42:35]} {[%emt 00:02:45]} Nxg3
{[%clk 01:14:58]} {[%emt 00:02:28]} 15. hxg3 {[%clk 00:41:18]} {[%emt
00:01:47]} Bf6 {[%clk 01:14:33]} {[%emt 00:00:54]} 16. Nf3 {[%clk 00:40:48]}
{[%emt 00:01:00]} cxd4 {[%clk 01:11:44]} {[%emt 00:03:19]} 17. exd4 {[%clk
00:40:44]} {[%emt 00:00:34]} Re8 {[%clk 01:09:26]} {[%emt 00:02:48]} 18. Rfe1
{[%clk 00:41:09]} {[%emt 00:00:05]} Nf8 {[%clk 01:06:41]} {[%emt 00:03:15]} 19.
Qd2 {[%clk 00:40:14]} {[%emt 00:01:24]} Ne6 {[%clk 01:03:27]} {[%emt 00:03:45]}
20. Bb1 {[%clk 00:40:20]} {[%emt 00:00:24]} a5 {[%clk 00:47:35]} {[%emt
00:16:22]} 21. Qd3 {[%clk 00:40:03]} {[%emt 00:00:45]} g6 {[%clk 00:46:44]}
{[%emt 00:01:23]} 22. Ne5 {[%clk 00:38:42]} {[%emt 00:01:50]} Nf8 {[%clk
00:42:54]} {[%emt 00:04:20]} 23. f4 {[%clk 00:35:14]} {[%emt 00:03:59]} Bg7
{[%clk 00:40:48]} {[%emt 00:02:36]} 24. Nf3 {[%clk 00:29:58]} {[%emt 00:05:46]}
Qd7 {[%clk 00:28:35]} {[%emt 00:12:42]} 25. Ne5 {[%clk 00:29:44]} {[%emt
00:00:45]} Qd8 {[%clk 00:27:03]} {[%emt 00:02:02]} 26. Re2 {[%clk 00:29:37]}
{[%emt 00:00:37]} Rc7 {[%clk 00:26:54]} {[%emt 00:00:38]} 27. Rde1 {[%clk
00:28:34]} {[%emt 00:01:34]} Rce7 {[%clk 00:27:22]} {[%emt 00:00:02]} 28. Bc2
{[%clk 00:26:23]} {[%emt 00:02:41]} Qa8 {[%clk 00:26:12]} {[%emt 00:01:40]} 29.
Ba4 {[%clk 00:24:53]} {[%emt 00:02:00]} Rc8 {[%clk 00:25:33]} {[%emt 00:01:09]}
30. Bb5 {[%clk 00:24:37]} {[%emt 00:00:46]} Rd8 {[%clk 00:20:12]} {[%emt
00:05:50]} 31. Rf1 {[%clk 00:21:37]} {[%emt 00:03:30]} Nh7 {[%clk 00:18:26]}
{[%emt 00:02:17]} 32. f5 {[%clk 00:10:39]} {[%emt 00:11:28]} g5 {[%clk
00:17:38]} {[%emt 00:01:17]} 33. Ng4 {[%clk 00:08:39]} {[%emt 00:02:30]} Rxe2
{[%clk 00:14:14]} {[%emt 00:03:54]} 34. Nxe2 {[%clk 00:07:30]} {[%emt
00:01:39]} Nf6 {[%clk 00:13:29]} {[%emt 00:01:16]} 35. Ne5 {[%clk 00:07:36]}
{[%emt 00:00:24]} Qb8 {[%clk 00:12:02]} {[%emt 00:01:56]} 36. g4 {[%clk
00:07:30]} {[%emt 00:00:37]} Qd6 {[%clk 00:10:57]} {[%emt 00:01:35]} 37. Ng3
{[%clk 00:07:26]} {[%emt 00:00:34]} Ne4 {[%clk 00:11:00]} {[%emt 00:00:27]} 38.
f6 {[%clk 00:06:25]} {[%emt 00:01:31]} Nxf6 {[%clk 00:05:33]} {[%emt 00:05:58]}
39. Nf5 {[%clk 00:06:19]} {[%emt 00:00:35]} Qe6 {[%clk 00:06:02]} {[%emt
00:00:01]} 40. Qf3 {[%clk 00:04:42]} {[%emt 00:02:04]} Rf8 {[%clk 00:03:08]}
{[%emt 00:03:27]} 41. Bd3 {[%clk 00:03:00]} {[%emt 00:02:11]} Bc8 {[%clk
00:29:05]} {[%emt 00:04:34]} 42. Nxh6+ {[%clk 00:22:53]} {[%emt 00:10:36]} Bxh6
{[%clk 00:29:23]} {[%emt 00:00:12]} 43. Bf5 {[%clk 00:22:48]} {[%emt 00:00:36]}
Qe7 {[%clk 00:25:58]} {[%emt 00:03:54]} 44. Bxc8 {[%clk 00:19:54]} {[%emt
00:03:26]} Ne4 {[%clk 00:23:31]} {[%emt 00:02:55]} 45. Bf5 {[%clk 00:18:50]}
{[%emt 00:01:34]} Bg7 {[%clk 00:10:57]} {[%emt 00:13:06]} 46. Qh3 {[%clk
00:19:04]} {[%emt 00:00:16]} Nf6 {[%clk 00:11:11]} {[%emt 00:00:15]} 47. a3
{[%clk 00:06:33]} {[%emt 00:13:01]} Re8 {[%clk 00:09:55]} {[%emt 00:01:46]} 48.
Re1 {[%clk 00:05:13]} {[%emt 00:01:50]} b5 {[%clk 00:09:16]} {[%emt 00:01:09]}
49. Qe3 {[%clk 00:03:25]} {[%emt 00:02:17]} Qa7 {[%clk 00:09:18]} {[%emt
00:00:26]} 50. Qd3 {[%clk 00:02:44]} {[%emt 00:01:14]} Nxg4 {[%clk 00:08:15]}
{[%emt 00:01:33]} 51. Nf3 {[%clk 00:00:40]} {[%emt 00:02:35]} Rxe1+ {[%clk
00:08:24]} {[%emt 00:00:20]} 52. Nxe1 {[%clk 00:01:08]} {[%emt 00:00:01]} Qxd4+
{[%clk 00:08:49]} {[%emt 00:00:05]} 53. Qxd4 {[%clk 00:01:24]} {[%emt
00:00:14]} Bxd4+ {[%clk 00:09:17]} {[%emt 00:00:03]} 54. Kh1 {[%clk 00:01:05]}
{[%emt 00:00:49]} Nf2 {[%clk 00:08:49]} {[%emt 00:00:58]} 55. Kg1 {[%clk
00:00:35]} {[%emt 00:01:01]} Ne4+ {[%clk 00:08:13]} {[%emt 00:01:04]} 56. Kh2
{[%clk 00:00:58]} {[%emt 00:00:07]} Be5 {[%clk 00:08:33]} {[%emt 00:00:09]} 57.
Kg1 {[%clk 00:01:02]} {[%emt 00:00:28]} Bxb2 {[%clk 00:08:46]} {[%emt
00:00:17]} 58. Nc2 {[%clk 00:01:19]} {[%emt 00:00:14]} Bc3 {[%clk 00:09:04]}
{[%emt 00:00:10]} 59. Bd7 {[%clk 00:01:31]} {[%emt 00:00:19]} b4 {[%clk
00:09:33]} {[%emt 00:00:01]} 60. axb4 {[%clk 00:01:43]} {[%emt 00:00:18]} axb4
{[%clk 00:09:58]} {[%emt 00:00:05]} 61. Bc6 {[%clk 00:01:57]} {[%emt 00:00:16]}
b3 {[%clk 00:10:17]} {[%emt 00:00:10]} 62. Na3 {[%clk 00:02:07]} {[%emt
00:00:21]} Bd4+ {[%clk 00:08:53]} {[%emt 00:01:53]} 63. Kf1 {[%clk 00:02:26]}
{[%emt 00:00:11]} Nc3 {[%clk 00:08:34]} {[%emt 00:00:50]} 64. Ke1 {[%clk
00:02:00]} {[%emt 00:00:56]} Bc5 {[%clk 00:08:47]} {[%emt 00:00:16]} 65. Kd2
{[%clk 00:00:50]} {[%emt 00:01:41]} Ne4+ {[%clk 00:09:16]} 66. Kd3 {[%clk
00:01:08]} {[%emt 00:00:13]} Bxa3 {[%clk 00:09:43]} {[%emt 00:00:02]} 67. Bxd5
{[%clk 00:01:29]} {[%emt 00:00:10]} b2 {[%clk 00:10:12]} {[%emt 00:00:01]} 68.
Ba2 {[%clk 00:01:46]} {[%emt 00:00:14]} Nc5+ {[%clk 00:09:37]} {[%emt
00:01:03]} 69. Kc4 {[%clk 00:02:11]} {[%emt 00:00:06]} Kg7 {[%clk 00:09:47]}
{[%emt 00:00:19]} 70. Bb1 {[%clk 00:00:52]} {[%emt 00:01:50]} Kf6 {[%clk
00:10:07]} {[%emt 00:00:10]} 71. g4 {[%clk 00:01:13]} {[%emt 00:00:09]} Ke5
{[%clk 00:10:28]} {[%emt 00:00:08]} 72. Kc3 {[%clk 00:01:02]} {[%emt 00:00:42]}
Ne4+ {[%clk 00:09:30]} {[%emt 00:01:29]} 73. Kb3 {[%clk 00:01:18]} {[%emt
00:00:14]} Nd2+ {[%clk 00:09:56]} {[%emt 00:00:03]} 0-1

[Event "Tournoi International du Pays de Charleroi 2018"]
[Site "Roux, Belgium"]
[Date "2018.07.31"]
[Round "5.2"]
[White "Kasparov, Sergey"]
[Black "Cruz Lledo, Pablo"]
[Result "1/2-1/2"]
[WhiteTitle "IM"]
[BlackTitle "IM"]
[WhiteElo "2449"]
[BlackElo "2443"]

1. e4 {[%clk 01:30:30]} {[%emt 00:07:59]} c6 {[%clk 01:30:55]} {[%emt
00:00:17]} 2. d4 {[%clk 01:31:21]} {[%emt 00:00:06]} d5 {[%clk 01:31:23]}
{[%emt 00:00:02]} 3. Nd2 {[%clk 01:31:39]} {[%emt 00:00:11]} dxe4 {[%clk
01:31:48]} {[%emt 00:00:06]} 4. Nxe4 {[%clk 01:32:01]} {[%emt 00:00:08]} Nf6
{[%clk 01:32:14]} {[%emt 00:00:04]} 5. Nxf6+ {[%clk 01:32:23]} {[%emt
00:00:08]} exf6 {[%clk 01:32:40]} {[%emt 00:00:04]} 6. Bc4 {[%clk 01:32:04]}
{[%emt 00:00:49]} Bd6 {[%clk 01:33:02]} {[%emt 00:00:08]} 7. Ne2 {[%clk
01:31:37]} {[%emt 00:00:57]} O-O {[%clk 01:33:24]} {[%emt 00:00:08]} 8. Be3
{[%clk 01:28:15]} {[%emt 00:03:52]} Nd7 {[%clk 01:33:07]} {[%emt 00:00:47]} 9.
Bb3 {[%clk 01:26:20]} {[%emt 00:02:24]} Re8 {[%clk 01:31:52]} {[%emt 00:01:46]}
10. Qd3 {[%clk 01:21:50]} {[%emt 00:04:58]} Nf8 {[%clk 01:26:41]} {[%emt
00:05:42]} 11. O-O {[%clk 01:14:07]} {[%emt 00:08:13]} Qa5 {[%clk 01:23:46]}
{[%emt 00:03:26]} 12. Rfe1 {[%clk 01:09:09]} {[%emt 00:05:27]} Bf5 {[%clk
01:22:56]} {[%emt 00:01:21]} 13. Qd2 {[%clk 01:07:54]} {[%emt 00:01:44]} Qc7
{[%clk 01:14:20]} {[%emt 00:09:07]} 14. Ng3 {[%clk 01:08:15]} {[%emt 00:00:08]}
Bg6 {[%clk 01:14:19]} {[%emt 00:00:32]} 15. f4 {[%clk 00:56:44]} {[%emt
00:12:01]} Re7 {[%clk 01:04:35]} {[%emt 00:10:14]} 16. Nf1 {[%clk 00:51:18]}
{[%emt 00:05:55]} Rae8 {[%clk 01:02:43]} {[%emt 00:02:23]} 17. Qf2 {[%clk
00:50:07]} {[%emt 00:01:40]} Be4 {[%clk 00:59:26]} {[%emt 00:03:47]} 18. c4
{[%clk 00:44:21]} {[%emt 00:06:16]} Qb8 {[%clk 00:50:29]} {[%emt 00:09:28]} 19.
Rad1 {[%clk 00:40:20]} {[%emt 00:04:31]} Nd7 {[%clk 00:43:20]} {[%emt
00:07:39]} 20. Ng3 {[%clk 00:28:30]} {[%emt 00:12:19]} f5 {[%clk 00:25:58]}
{[%emt 00:17:52]} 21. Nxe4 {[%clk 00:28:52]} {[%emt 00:00:08]} Rxe4 {[%clk
00:26:23]} {[%emt 00:00:05]} 22. Bc2 {[%clk 00:26:20]} {[%emt 00:03:01]} R4e7
{[%clk 00:21:32]} {[%emt 00:05:23]} 23. g3 {[%clk 00:22:43]} {[%emt 00:04:07]}
g6 {[%clk 00:19:31]} {[%emt 00:02:31]} 24. Bd2 {[%clk 00:22:12]} {[%emt
00:01:00]} Nf6 {[%clk 00:18:30]} {[%emt 00:01:32]} 25. Rxe7 {[%clk 00:22:20]}
{[%emt 00:00:21]} Rxe7 {[%clk 00:18:43]} {[%emt 00:00:18]} 26. Re1 {[%clk
00:22:30]} {[%emt 00:00:20]} Qe8 {[%clk 00:18:36]} {[%emt 00:00:37]} 27. Rxe7
{[%clk 00:22:26]} {[%emt 00:00:33]} Qxe7 {[%clk 00:19:04]} {[%emt 00:00:03]} 28.
Qe3 {[%clk 00:18:13]} {[%emt 00:04:41]} Ne4 {[%clk 00:18:53]} {[%emt 00:00:42]}
29. a3 {[%clk 00:17:26]} {[%emt 00:01:17]} Nxd2 {[%clk 00:18:10]} {[%emt
00:01:14]} 30. Qxd2 {[%clk 00:17:51]} {[%emt 00:00:04]} c5 {[%clk 00:18:25]}
{[%emt 00:00:15]} 31. dxc5 {[%clk 00:13:13]} {[%emt 00:05:08]} Bxc5+ {[%clk
00:18:45]} {[%emt 00:00:10]} 32. Kg2 {[%clk 00:13:41]} {[%emt 00:00:03]}
1/2-1/2

[Event "Tournoi International du Pays de Charleroi 2018"]
[Site "Roux, Belgium"]
[Date "2018.07.31"]
[Round "5.28"]
[White "Kasparova, Tatiana"]
[Black "Callier, Christophe"]
[Result "1/2-1/2"]
[WhiteTitle "WFM"]
[WhiteElo "2090"]
[BlackElo "1970"]

1. e4 {[%clk 01:30:57]} {[%emt 00:00:02]} c5 {[%clk 01:30:46]} {[%emt
00:00:14]} 2. Nf3 {[%clk 01:31:22]} {[%emt 00:00:06]} g6 {[%clk 01:31:13]}
{[%emt 00:00:04]} 3. c4 {[%clk 01:31:13]} {[%emt 00:00:39]} Nc6 {[%clk
01:31:36]} {[%emt 00:00:06]} 4. d4 {[%clk 01:30:35]} {[%emt 00:01:08]} cxd4
{[%clk 01:32:02]} {[%emt 00:00:04]} 5. Nxd4 {[%clk 01:31:02]} {[%emt 00:00:03]}
Nf6 {[%clk 01:32:15]} {[%emt 00:00:17]} 6. Nc3 {[%clk 01:30:41]} {[%emt
00:00:51]} Nxd4 {[%clk 01:32:35]} {[%emt 00:00:10]} 7. Qxd4 {[%clk 01:30:46]}
{[%emt 00:00:26]} d6 {[%clk 01:33:02]} {[%emt 00:00:02]} 8. Be2 {[%clk
01:25:38]} {[%emt 00:05:39]} Bg7 {[%clk 01:33:26]} {[%emt 00:00:05]} 9. Be3
{[%clk 01:25:50]} {[%emt 00:00:18]} O-O {[%clk 01:33:52]} {[%emt 00:00:05]} 10.
Qd2 {[%clk 01:26:05]} {[%emt 00:00:15]} Be6 {[%clk 01:34:09]} {[%emt 00:00:12]}
11. O-O {[%clk 01:26:06]} {[%emt 00:00:28]} Qa5 {[%clk 01:34:30]} {[%emt
00:00:10]} 12. f3 {[%clk 01:24:06]} {[%emt 00:02:30]} Rfc8 {[%clk 01:34:45]}
{[%emt 00:00:15]} 13. b3 {[%clk 01:15:14]} {[%emt 00:09:22]} a6 {[%clk
01:35:06]} {[%emt 00:00:09]} 14. Rac1 {[%clk 01:15:06]} {[%emt 00:00:39]} b5
{[%clk 01:34:55]} {[%emt 00:00:41]} 15. Nd5 {[%clk 01:12:27]} {[%emt 00:03:08]}
Qxd2 {[%clk 01:34:37]} {[%emt 00:00:48]} 16. Bxd2 {[%clk 01:12:51]} {[%emt
00:00:05]} Nxd5 {[%clk 01:34:47]} {[%emt 00:00:21]} 17. cxd5 {[%clk 01:12:30]}
{[%emt 00:00:51]} Bd4+ {[%clk 01:34:57]} {[%emt 00:00:20]} 18. Kh1 {[%clk
01:12:55]} {[%emt 00:00:05]} Bd7 {[%clk 01:35:21]} {[%emt 00:00:06]} 19. Bd3
{[%clk 01:07:07]} {[%emt 00:06:18]} Rxc1 {[%clk 01:33:45]} {[%emt 00:02:06]} 20.
Rxc1 {[%clk 01:06:49]} {[%emt 00:00:48]} Rc8 {[%clk 01:34:09]} {[%emt
00:00:05]} 21. Rxc8+ Bxc8 {[%clk 01:34:38]} 22. g4 {[%clk 01:06:09]} {[%emt
00:00:27]} e6 {[%clk 01:32:15]} {[%emt 00:02:53]} 23. dxe6 {[%clk 01:02:07]}
{[%emt 00:04:32]} fxe6 {[%clk 01:32:26]} {[%emt 00:00:19]} 24. a4 {[%clk
01:01:16]} {[%emt 00:01:21]} Bd7 {[%clk 01:31:09]} {[%emt 00:01:47]} 25. axb5
{[%clk 01:00:45]} {[%emt 00:01:01]} axb5 {[%clk 01:31:20]} {[%emt 00:00:19]} 26.
Kg2 {[%clk 01:01:04]} {[%emt 00:00:10]} Kf7 {[%clk 01:26:56]} {[%emt 00:04:55]}
27. f4 {[%clk 01:00:55]} {[%emt 00:00:40]} e5 {[%clk 01:23:50]} {[%emt
00:03:35]} 28. f5 {[%clk 00:59:25]} {[%emt 00:02:00]} gxf5 {[%clk 01:24:06]}
{[%emt 00:00:14]} 29. gxf5 {[%clk 00:59:50]} {[%emt 00:00:05]} Bc6 {[%clk
01:23:43]} {[%emt 00:00:53]} 30. Kf3 {[%clk 00:54:27]} {[%emt 00:05:52]} d5
{[%clk 01:22:45]} {[%emt 00:01:29]} 31. Bc2 {[%clk 00:49:13]} {[%emt 00:05:43]}
Kf6 {[%clk 01:16:52]} {[%emt 00:06:23]} 32. Be1 {[%clk 00:44:13]} {[%emt
00:05:31]} Bg1 {[%clk 01:15:50]} {[%emt 00:01:32]} 33. h3 {[%clk 00:42:34]}
{[%emt 00:02:08]} Kg5 {[%clk 01:01:29]} {[%emt 00:14:51]} 34. Ba5 {[%clk
00:39:43]} {[%emt 00:03:21]} Kf6 {[%clk 00:58:21]} {[%emt 00:03:38]} 35. Bd8+
{[%clk 00:39:08]} {[%emt 00:01:05]} Kf7 {[%clk 00:58:37]} {[%emt 00:00:13]} 36.
b4 {[%clk 00:37:12]} {[%emt 00:02:28]} Ke8 {[%clk 00:57:09]} {[%emt 00:01:58]}
37. Bc7 {[%clk 00:35:55]} {[%emt 00:01:47]} Bd4 {[%clk 00:57:14]} {[%emt
00:00:25]} 38. exd5 {[%clk 00:23:19]} {[%emt 00:13:06]} Bxd5+ {[%clk 00:57:03]}
{[%emt 00:00:41]} 39. Be4 {[%clk 00:22:33]} {[%emt 00:01:17]} Bxe4+ {[%clk
00:55:41]} {[%emt 00:01:51]} 40. Kxe4 {[%clk 00:23:01]} {[%emt 00:00:01]} Bc3
{[%clk 00:56:01]} {[%emt 00:00:10]} 41. Bd6 {[%clk 00:19:10]} {[%emt 00:04:22]}
Kf7 {[%clk 00:55:14]} {[%emt 00:01:17]} 42. Bc5 {[%clk 00:18:51]} {[%emt
00:00:49]} Kf6 {[%clk 00:55:07]} {[%emt 00:00:36]} 1/2-1/2

[Event "Tournoi International du Pays de Charleroi 2018"]
[Site "Roux, Belgium"]
[Date "2018.07.31"]
[Round "5.31"]
[White "Van Uytven, Eric"]
[Black "Colin, Peter"]
[Result "1-0"]
[WhiteElo "2046"]
[BlackElo "1918"]

1. e4 {[%clk 01:28:36]} {[%emt 00:02:21]} c5 {[%clk 01:27:57]} {[%emt
00:03:05]} 2. Nc3 {[%clk 01:28:31]} {[%emt 00:00:33]} Nc6 {[%clk 01:27:19]}
{[%emt 00:01:10]} 3. Bb5 {[%clk 01:28:43]} {[%emt 00:00:17]} Nd4 {[%clk
01:27:17]} {[%emt 00:00:33]} 4. Bc4 {[%clk 01:28:05]} {[%emt 00:01:07]} e6
{[%clk 01:27:09]} {[%emt 00:00:39]} 5. Nge2 {[%clk 01:27:35]} {[%emt 00:00:58]}
a6 {[%clk 01:26:09]} {[%emt 00:01:32]} 6. d3 {[%clk 01:16:46]} {[%emt
00:11:18]} Ne7 {[%clk 01:25:25]} {[%emt 00:01:14]} 7. O-O {[%clk 01:15:07]}
{[%emt 00:02:07]} d5 {[%clk 01:24:00]} {[%emt 00:01:57]} 8. exd5 {[%clk
01:13:57]} {[%emt 00:01:40]} exd5 {[%clk 01:24:11]} {[%emt 00:00:18]} 9. Nxd5
{[%clk 01:11:39]} {[%emt 00:02:49]} Nxd5 {[%clk 01:23:20]} {[%emt 00:01:22]} 10.
Nxd4 {[%clk 01:11:16]} {[%emt 00:00:52]} cxd4 {[%clk 01:23:09]} {[%emt
00:00:42]} 11. Qh5 {[%clk 01:11:29]} {[%emt 00:00:16]} Be7 {[%clk 01:13:02]}
{[%emt 00:10:38]} 12. Qxd5 {[%clk 01:07:35]} {[%emt 00:04:22]} O-O {[%clk
01:13:01]} {[%emt 00:00:33]} 13. Qxd8 {[%clk 01:03:57]} {[%emt 00:04:07]} Rxd8
{[%clk 01:13:12]} {[%emt 00:00:19]} 14. Bd2 {[%clk 01:02:36]} {[%emt 00:01:51]}
Bd7 {[%clk 01:11:09]} {[%emt 00:02:33]} 15. Rfe1 {[%clk 00:48:23]} {[%emt
00:14:42]} Bf6 {[%clk 01:09:31]} {[%emt 00:02:08]} 16. a4 {[%clk 00:27:11]}
{[%emt 00:21:43]} b5 {[%clk 00:57:19]} {[%emt 00:12:42]} 17. axb5 {[%clk
00:25:56]} {[%emt 00:01:45]} axb5 {[%clk 00:54:27]} {[%emt 00:03:23]} 18. Bd5
{[%clk 00:18:50]} {[%emt 00:07:35]} Ra4 {[%clk 00:50:58]} {[%emt 00:03:59]} 19.
Bb3 {[%clk 00:18:17]} {[%emt 00:01:02]} Raa8 {[%clk 00:50:45]} {[%emt
00:00:44]} 20. Bb4 {[%clk 00:15:09]} {[%emt 00:03:38]} Rdc8 {[%clk 00:47:13]}
{[%emt 00:04:02]} 21. Kf1 {[%clk 00:14:16]} {[%emt 00:01:23]} h6 {[%clk
00:38:28]} {[%emt 00:09:16]} 22. Rxa8 {[%clk 00:09:36]} {[%emt 00:05:10]} Rxa8
{[%clk 00:38:44]} {[%emt 00:00:14]} 23. Be7 {[%clk 00:09:37]} {[%emt 00:00:28]}
Bxe7 {[%clk 00:33:41]} {[%emt 00:05:33]} 24. Rxe7 {[%clk 00:10:00]} {[%emt
00:00:07]} Be6 {[%clk 00:34:03]} {[%emt 00:00:08]} 25. Bxe6 {[%clk 00:09:24]}
{[%emt 00:01:07]} fxe6 {[%clk 00:34:26]} {[%emt 00:00:07]} 26. Rc7 {[%clk
00:07:20]} {[%emt 00:02:33]} Ra2 {[%clk 00:32:32]} {[%emt 00:02:25]} 27. b3
{[%clk 00:07:44]} {[%emt 00:00:06]} Ra6 {[%clk 00:31:15]} {[%emt 00:01:46]} 28.
Ke2 {[%clk 00:07:57]} {[%emt 00:00:17]} Rd6 {[%clk 00:30:47]} {[%emt 00:00:58]}
29. Kf3 {[%clk 00:07:53]} {[%emt 00:00:34]} Rd5 {[%clk 00:30:30]} {[%emt
00:00:47]} 30. Ke4 {[%clk 00:07:41]} {[%emt 00:00:41]} Kf8 {[%clk 00:30:00]}
{[%emt 00:01:01]} 31. b4 {[%clk 00:07:31]} {[%emt 00:00:41]} g6 {[%clk
00:28:22]} {[%emt 00:02:07]} 32. Rc5 {[%clk 00:06:49]} {[%emt 00:01:12]} Rd8
{[%clk 00:27:03]} {[%emt 00:01:49]} 33. Rxb5 {[%clk 00:06:54]} {[%emt
00:00:26]} Ke8 {[%emt 00:00:22]} 1-0